000 00301nam a2200109Ia 4500
008 200302s9999 xx 000 0 und d
100 _aJohn Lobell
245 _aBetween Silence and light spirit in the architecture of louis I. Kahn
260 _bShambhala Publications
260 _c2008
300 _a120
999 _c6265
_d6265